000 00340nam a2200145Ia 4500
008 180730s9999||||xx |||||||||||||| ||und||
020 _a9788185986074
082 _a823
_bNAR/T
100 _aNarayan, R.K.
245 4 _aThe Guide
250 _a58th Edition
260 _aChennai
_bIndian Thought Pub.
_c2005
300 _a247p
942 _aBK
999 _c2133
_d2133